| 000 | 00769nam a2200241 a 4500 | ||
|---|---|---|---|
| 005 | 20210219153011.0 | ||
| 008 | 991125n 000 0 u | ||
| 035 | _aUPN01000072469 | ||
| 100 | _aBowers, Thomas G. | ||
| 222 | _aJOURNAL OF LEARNING DISABILITIES | ||
| 245 | _aA developmental index using the Wechsler Intelligence Scale for Children : implications for the diagnosis and nature of ADHD | ||
| 300 | _a179-185, 195 | ||
| 362 | _a25, No. 3, 1992 | ||
| 505 | _aSeptiembre 1992 | ||
| 653 | 0 | _aHIPERACTIVIDAD | |
| 653 | 0 | _aINDICADORES EDUCATIVOS | |
| 653 | 0 |
_aINTELIGENCIA - _xPRUEBAS |
|
| 653 | 0 | _aTRASTORNOS DEFICIENTES DE LA ATENCION | |
| 700 | _aRisser, Marcia G. | ||
| 700 | _aSuchanec, John F. | ||
| 904 |
_aAC _b010280 |
||
| 905 | _aArticulo | ||
| 999 |
_c65933 _d65933 |
||